Near Eastern numismatics, iconography, epigraphy, and history : studies in honor of George C. Miles /

Saved in:

Other Authors: Miles, George Carpenter, 1904-1975., Kouymjian, Dickran.

Format: Book

Language: English
French

Published: Beirut : American University of Beirut, 1974.

Subjects:

Tags: Add Tag

No Tags, Be the first to tag this record!

Call Number: DS56 .N44 1974

LEADER 01045cam a2200289 a 4500
001 ocm01090289
003 OSt
005 20260311111646.0
008 750703s1974 le a b 010 0 eng
040 |c ARCE Library 
041 0 |a eng  |a fre 
043 |a aw----- 
050 4 |a DS56 .N44 1974 
245 0 0 |a Near Eastern numismatics, iconography, epigraphy, and history :  |b studies in honor of George C. Miles /  |c Dickran K. Kouymjian, editor. 
264 1 |a Beirut :  |b American University of Beirut,  |c 1974. 
300 |a xxv, 478 pages :  |b illustrations ;  |c 30 cm. 
500 |a Essays chiefly in English; five in French. 
504 |a "A bibliography of the works of George C. Miles": pages xvii-xxv. 
504 |a Includes bibliographical references. 
600 1 0 |a Miles, George Carpenter,   |d 1904-1975,   |v Bibliography. 
650 0 |a Numismatics  |z Middle East. 
651 0 |a Middle East  |x Antiquities. 
700 1 |a Miles, George Carpenter,  |d 1904-1975. 
700 1 |a Kouymjian, Dickran. 
901 |a reviewed 
942 |2 lcc  |c BK 
999 |c 55327  |d 55327